000 00394nam a2200133Ia 4500
008 151001s9999||||xx |||||||||||||| ||und||
100 _aमहेशचंद्र गुप्त
245 _aतिसरा आयाम
250 _a1
260 _bराष्ट्रीय साहित्य प्रकाशन
260 _c2007
300 _a119
365 _b21
999 _c992870
_d992867